000 nam a22 7a 4500
999 _c10670
_d10670
008 180220b ||||| |||| 00| 0 eng d
100 _aMishra,A.M.
_96549
245 _aGrow with Environment-IV
260 _aNew Delhi
_bBDP
_c2011